000 00343 a2200157 4500
001 171236
020 _a
040 _cMagnum
100 _aCorullón, Mónica Beatriz Galiano
240 1 0 _aVoluntariado na empresa
_lpor
245 1 0 _aVoluntariado na empresa
362 0 _a1899
440 1 _aPeirópolis
697 _aGERAL
942 _cBK
999 _c171236
_d171236